Analýza nakladania s nebezpečným odpadom v cementárňach
Uložené v:
| Hlavný autor: | |
|---|---|
| Ďalší autori: | |
| Médium: | Rukopis Kniha |
| Jazyk: | Slovak |
| Vydavateľské údaje: |
2016
|
| Predmet: | |
| On-line prístup: | http://is.stuba.sk/zp/portal_zp.pl?podrobnosti=119072 |
| Tagy: |
Žiadne tagy, Buďte prvý, kto otaguje tento záznam!
|
MARC
| LEADER | 00000ntm a22000003a 4500 | ||
|---|---|---|---|
| 001 | stuzp58139 | ||
| 003 | SK-STU | ||
| 005 | 20160719155458.0 | ||
| 007 | ta | ||
| 008 | 150427s2015----xo-----f-mn---000-0-slo-d | ||
| 040 | |a STU |b slo | ||
| 041 | 0 | |a slo | |
| 100 | 1 | |a Streličáková, Veronika |u 065000 |k Z4 |4 aut |U MTF Materiálovotechnologická fakulta |T MTF Ústav integrovanej bezpečnosti |X 57101 |U M5000 |Y 85 |7 A000057101 | |
| 242 | 0 | 1 | |a The analysis of toxic waste disposal within the cement manufacturing industry |y eng |
| 245 | 1 | 0 | |a Analýza nakladania s nebezpečným odpadom v cementárňach |
| 260 | |c 2016 | ||
| 650 | 4 | |a nakladanie s odpadmi |2 slo | |
| 650 | 4 | |a technológie nakladania s odpadmi |2 slo | |
| 650 | 4 | |a nebezpečné odpady v cementárni |2 slo | |
| 650 | 4 | |a waste disposal technologies |2 eng | |
| 650 | 4 | |a waste in cement manufacturing |2 eng | |
| 650 | 4 | |a waste disposal |2 eng | |
| 700 | 1 | |a Soldán, Maroš |u 065100 |k Z1 |4 ths |U MTF Ústav integrovanej bezpečnosti |T MTF Katedra environmentálneho inžinierstva |X 2878 |U M5100 |Y 194 |7 A000002878 | |
| 856 | 4 | |u http://is.stuba.sk/zp/portal_zp.pl?podrobnosti=119072 | |
| 996 | |c M* DP-12643 |l MMSKP |s P |a 0 |w stuzp58139_0001 | ||
| SQL | |a stuzp58139 |b DDP |c SLO |d Analýza nakladania s nebezpečným odpadom v cementárňach |e 57101 |f Streličáková, Veronika |g 065000 |h 2878 |i Soldán, Maroš |j 20160531 |k 670 |l 06 |m http://is.stuba.sk/zp/portal_zp.pl?podrobnosti=119072 |n I-IBE |o 8.3.5. bezpečnosť a ochrana zdravia pri práci | ||